<?xml version="1.0" encoding="UTF-8"?>
<record
    xmlns:xsi="http://www.w3.org/2001/XMLSchema-instance"
    xsi:schemaLocation="http://www.loc.gov/MARC21/slim http://www.loc.gov/standards/marcxml/schema/MARC21slim.xsd"
    xmlns="http://www.loc.gov/MARC21/slim">

  <leader>00550nam a2200205Ia 4500</leader>
  <controlfield tag="008">230125s9999    xx            000 0 und d</controlfield>
  <datafield tag="020" ind1=" " ind2=" ">
    <subfield code="a">0-07-070072-9</subfield>
  </datafield>
  <datafield tag="041" ind1=" " ind2=" ">
    <subfield code="a">eng</subfield>
  </datafield>
  <datafield tag="082" ind1=" " ind2=" ">
    <subfield code="a">658.001</subfield>
    <subfield code="b">WEI/CAN</subfield>
  </datafield>
  <datafield tag="100" ind1=" " ind2=" ">
    <subfield code="a">Weihrich H</subfield>
    <subfield code="9">109450</subfield>
  </datafield>
  <datafield tag="245" ind1=" " ind2=" ">
    <subfield code="a">Management : A Global and Entrepreneurial Perspective</subfield>
  </datafield>
  <datafield tag="250" ind1=" " ind2=" ">
    <subfield code="a">13th ed</subfield>
  </datafield>
  <datafield tag="260" ind1=" " ind2=" ">
    <subfield code="c">2010</subfield>
    <subfield code="b">Tata McGraw Hill</subfield>
    <subfield code="a">New Delhi</subfield>
  </datafield>
  <datafield tag="300" ind1=" " ind2=" ">
    <subfield code="a">537p</subfield>
  </datafield>
  <datafield tag="500" ind1=" " ind2=" ">
    <subfield code="a">PPM</subfield>
  </datafield>
  <datafield tag="650" ind1=" " ind2=" ">
    <subfield code="a">Management</subfield>
  </datafield>
  <datafield tag="700" ind1=" " ind2=" ">
    <subfield code="a">Weihrich H; Cannice M V &amp; Koontz H</subfield>
    <subfield code="9">111053</subfield>
  </datafield>
  <datafield tag="906" ind1=" " ind2=" ">
    <subfield code="b">131</subfield>
  </datafield>
  <datafield tag="999" ind1=" " ind2=" ">
    <subfield code="c">87909</subfield>
    <subfield code="d">87909</subfield>
  </datafield>
  <datafield tag="952" ind1=" " ind2=" ">
    <subfield code="0">0</subfield>
    <subfield code="1">0</subfield>
    <subfield code="4">0</subfield>
    <subfield code="7">0</subfield>
    <subfield code="a">HIMR</subfield>
    <subfield code="b">HIMR</subfield>
    <subfield code="d">2010-09-17</subfield>
    <subfield code="e">Pritam Book Centre</subfield>
    <subfield code="g">525.00</subfield>
    <subfield code="i">7035</subfield>
    <subfield code="l">0</subfield>
    <subfield code="o">658.001 WEI/CAN B08842</subfield>
    <subfield code="p">HIMR-BK-8842</subfield>
    <subfield code="r">2023-01-25 00:00:00</subfield>
    <subfield code="v">394.00</subfield>
    <subfield code="w">2010-09-03</subfield>
    <subfield code="y">BK</subfield>
    <subfield code="z">B08842</subfield>
  </datafield>
  <datafield tag="952" ind1=" " ind2=" ">
    <subfield code="0">0</subfield>
    <subfield code="1">0</subfield>
    <subfield code="4">0</subfield>
    <subfield code="7">0</subfield>
    <subfield code="a">HIMR</subfield>
    <subfield code="b">HIMR</subfield>
    <subfield code="d">2010-12-07</subfield>
    <subfield code="e">Forward Books</subfield>
    <subfield code="g">525.00</subfield>
    <subfield code="i">4371</subfield>
    <subfield code="l">0</subfield>
    <subfield code="o">658.001 WEI/CAN B09329</subfield>
    <subfield code="p">HIMR-BK-9329</subfield>
    <subfield code="r">2023-01-25 00:00:00</subfield>
    <subfield code="v">410.00</subfield>
    <subfield code="w">2010-11-22</subfield>
    <subfield code="y">BK</subfield>
    <subfield code="z">B09329</subfield>
  </datafield>
</record>
